000 00896nas a2200289 4500
001 BR0803561
003 BR-BrBNA
005 20231205112303.0
007 ta
008 230509b bl.|||p| |||| 00| 00por d
040 _aBR-BrBNA
_bpor
_cBiblioteca Nacional de Agricultura
041 _a(Pt)
072 _aF02
100 1 _aPaiva, P.D. de O.
100 1 _aPaiva, R.
100 1 _aPasqual, M.
245 1 _aControle de oxidação no cultivo in vitro de embriões de estrelícia (Strelitzia reginae)
650 _aSTRELITZIA REGINAE
650 _aBANANEIRA DA RAINHA
650 _aCULTURA IN VITRO
650 _aGERMINAÇÃO
650 _aCULTURA DE EMBRIÃO
650 _aOXIDAÇÃO
773 0 _tRevista Brasileira de Horticultura Ornamental (Brazil)
_xISSN 1809-6093
_g(2007), v. 13(2) p. 107-112
_wBR0803561
909 _a202311
_bLúcia
_c55
_dLúcia Elande
942 _2AGRIS
_n0
_cANA
999 _c197205
_d197205